00970 2200337 4500001002100000005001500021035002000036007000300056040001700059100002900076245006400105250001200169300003400181020002200215041000800237082001400245084002000259090002600279264003400305336002100339337003000360338002300390650001500413700004100428700004300469850001000512008004100522990002300563990002300586990002300609INLIS00000000000834820260520031549 a0010-0922000837ta aSBPUPADbind1 aDuncan, FionaePengarang1 aTOP 10 Amsterdam /cFiona Duncan; editor, Winny Rachmayanti a.-Cet.5 a160 hlm :bilus ;c10 x 19 cm a978-979-075-856-817aInd a910.349.2 a910.349.2 DUN t a910.349.2 DUN t L25-4 a.--Jakarta :bErlangga,c2009 2rdacontentateks 2rdamediaatanpa perantara 2rdacarrieravolume 4aPariwisata0 aPenerjemah, Soni AstrantoePengarang0 aEditor ke-2, Michael TobingePengarang aPUPAD260520 0  a17237/BR-KAPD.2012 a17240/BR-KAPD.2012 a17238/BR-KAPD.2012